=LDR 00000nam 2200000 4500 =001 000273 =005 20250710124128 =035 ##$$a 0010-0725000110 =245 1#$$a Kau Sedang Apa Lala? /$c Widya Ross =100 #$$a Ross, Widya =250 ##$$a cetakan ketiga =300 ##$$a 24 hlm. : $b ilus. ; $c 29,7 cm$e 398.245 =856 ##$$a TBM As Suhada =260 ##$$a Jakarta Timur :$b Badan Pengembangan dan Pembinaan Bahasa,$c 2021 =082 ##$$a 398.245 =084 ##$$a 398.245 ROS k =020 ##$$a 978-623-307-203-8 =650 #4$$a Cerita Anak - Fabel =650 #4$$a Literasi - Bahan Bacaan =008 250710################a##########0#ind## =990 ##$$a TBM202500082